[Event "Rennes op 2nd"]
[Site "Rennes"]
[Date "2009.07.20"]
[Round "6"]
[White "Aubry, Yannis"]
[Black "Djendeb, Mohand"]
[Result "1-0"]
[WhiteElo "1954"]
[BlackElo "1845"]
[PlyCount "63"]
[EventDate "2009.07.15"]
[EventType "swiss"]
[EventRounds "9"]
[EventCountry "FRA"]
[SourceTitle "EXT 2011"]
[Source "ChessBase"]
[SourceDate "2010.11.26"]
[SourceVersion "1"]
[SourceVersionDate "2010.11.26"]
[SourceQuality "1"]

1. e4 e5 2. d4 exd4 3. Qxd4 Nc6 4. Qe3 Nf6 5. Nc3 Bb4 6. Bd2 d6 7. 0-0-0 0-0 8. Bc4 Be6 9. Bxe6 fxe6 10. Qh3 Qe8 11. f3 Rd8 12. Nge2 e5 13. g4 Qf7 14. Kb1 a5 15. Ng3 Nd4 16. Nf5 Nxf5 17. exf5 Bxc3 18. Bxc3 Nd5 19. Bd2 Nb4 20. b3 d5 21. Rhe1 Qf6 22. Qg3 Rfe8 23. h4 Rd7 24. Bc3 Qc6 25. Rxe5 Rde7 26. f4 Qc5 27. g5 Nc6 28. Rdxd5 Qb6 29. Rxe7 Rxe7 30. Be5 a4 31. f6 Re8 32. g6 1-0

[Event "Rennes op 2nd"]
[Site "Rennes"]
[Date "2009.07.17"]
[Round "3"]
[White "Bacon, Bruno"]
[Black "Djendeb, Mohand"]
[Result "0-1"]
[WhiteElo "1742"]
[BlackElo "1845"]
[PlyCount "88"]
[EventDate "2009.07.15"]
[EventType "swiss"]
[EventRounds "9"]
[EventCountry "FRA"]
[SourceTitle "EXT 2011"]
[Source "ChessBase"]
[SourceDate "2010.11.26"]
[SourceVersion "1"]
[SourceVersionDate "2010.11.26"]
[SourceQuality "1"]

1. e4 e5 2. Nf3 Nc6 3. Bc4 Bc5 4. 0-0 Nf6 5. d3 d6 6. h3 0-0 7. Nc3 h6 8. a3 a6 9. Kh1 Be6 10. Nd5 Bxd5 11. Bxd5 Nxd5 12. exd5 Ne7 13. c4 Ng6 14. Be3 Ba7 15. Qd2 Kh7 16. Nh2 f5 17. Bxa7 Rxa7 18. g3 Ra8 19. f4 exf4 20. gxf4 Qh4 21. Rf3 Rae8 22. Raf1 Re7 23. Qf2 Qxf2 24. R1xf2 Nh4 25. Rg3 Rfe8 26. Nf3 Nxf3 27. Rgxf3 Re1+ 28. Kg2 R8e2 29. Rxe2 Rxe2+ 30. Rf2 Rxf2+ 31. Kxf2 Kg6 32. b4 Kf6 33. d4 g5 34. Kf3 Kg6 35. c5 Kh5 36. fxg5 hxg5 37. a4 g4+ 38. hxg4+ fxg4+ 39. Kg3 Kg5 40. b5 axb5 41. axb5 b6 42. Kg2 Kf4 43. Kf2 g3+ 44. Kg2 Ke4 0-1